000 00498nam a2200181Ia 4500
001 25022
005 20260414151122.0
008 260414t2012||||xx |||||||||||||| ||spa||
041 _aESP
082 _a346.1
_bL55
110 _aConsejo Nacional para la Integración de la Persona con Discapacidad CONADIS
245 0 _aLey de la persona con discapacidad ley nº 29973
_b
260 _c2012
300 _a63 páginas :
_c30 cm.
650 _aDER
654 _aCDE
942 _cLIB
_dJUS
_fJUS
_2ddc
_n
999 _c25022
_d25022